50 Most Planted Wine Grape Varieties - Statistics

General Stats
  • This quiz has been taken 121 times
  • The average score is 15 of 50
Answer Stats
Rank Grape Variety Vineyard Area (ha) % Correct
10 Pinot Noir / Blauer Burgunder / Spätburgunder 105,480
97%
5 Chardonnay 201,649
91%
2 Merlot 266,440
90%
18 Pinot Grigio / Pinot Gris / Grauburgunder 48,570
88%
8 Sauvignon Blanc 124,700
87%
1 Cabernet Sauvignon 310,671
84%
6 Syrah / Shiraz 181,185
84%
13 Riesling 54,106
78%
14 Malbec / Côt 52,233
69%
25 Zinfandel / Primitivo / Tribidrag 33,649
62%
7 Garnacha Tinta / Grenache Noir 150,096
59%
17 Cabernet Franc 49,309
56%
3 Tempranillo / Tinta Roriz 219,379
51%
11 Sangiovese / Brunello / Nielluccio 73,464
50%
33 Gamay Noir 26,221
38%
27 Chenin Blanc 32,221
35%
15 Mourvèdre / Monastrell / Mataro 51,930
35%
37 Prosecco / Glera 20,109
35%
42 Sémillon 18,693
29%
44 Barbera 17,824
26%
26 Montepulciano 32,935
26%
36 Carmenère 22,486
25%
40 Grüner Veltliner 19,118
25%
47 Viognier 16,063
24%
9 Trebbiano Toscano / Ugni Blanc 120,343
21%
19 Carignan / Mazuelo / Cariñena 47,312
19%
50 Pinot Meunier 14,695
18%
35 Cinsault 22,926
15%
39 Müller-Thurgau 19,501
10%
4 Airén 203,801
7%
32 Aligoté 26,929
7%
46 Blaufränkisch 17,180
7%
12 Bobal 59,189
7%
20 Macabeo / Viura 38,625
7%
43 Verdejo 17,931
7%
38 Douce Noir / Bonarda / Charbono 19,733
6%
24 Muscat Blanc à Petits Grains 33,739
6%
28 Welschriesling / Graševina 30,083
6%
29 Colombard 29,996
4%
49 Pedro Giménez 15,576
4%
22 Alicante Henri Bouschet 36,031
3%
23 Muscat of Alexandria 34,805
3%
34 Palomino Fino 23,190
3%
31 Catarratto Bianco 28,613
1%
16 Rkatsiteli 51,374
1%
21 Cayetana Blanca / Jaén 36,401
0%
30 Cereza 28,887
0%
48 Criolla Grande 15,596
0%
45 Isabella 17,813
0%
41 Trebbiano Romagnolo 19,059
0%
No matching quizzes found
Score Distribution
Percent of People with Each Score
Percentile by Number Answered
Your Score History
You have not taken this quiz